Statistics for -An Country Capitals

Click here to take the quiz!

General Stats

  • This quiz has been taken 21 times
  • The average score is 8 of 9

Answer Stats

Country Answer % Correct
PakistanIslamabad
100%
AfghanistanKabul
95%
KazakhstanAstana
95%
AzerbaijanBaku
95%
IranTehran
95%
UzbekistanTashkent
86%
TajikistanDushanbe
76%
KyrgyzstanBishkek
71%
TurkmenistanAshgabat
71%

Score Distribution

Percentile by Number Answered

Percent of People with Each Score

Your Score History

You have not taken this quiz